Online
Catalog

Desde Bonao : (Record no. 20195)

MARC details
000 -CABECERA
campo de control de longitud fija 01515nam a2200373 a 4500
001 - NÚMERO DE CONTROL
campo de control 000020691
003 - IDENTIFICADOR DEL NÚMERO DE CONTROL
campo de control DO-SdBNP
005 - FECHA Y HORA DE LA ÚLTIMA TRANSACCIÓN
campo de control 20250530112851.0
008 - DATOS DE LONGITUD FIJA--INFORMACIÓN GENERAL
campo de control de longitud fija 100812s2018 000 0 spa
020 ## - NÚMERO INTERNACIONAL ESTÁNDAR DEL LIBRO
Número Internacional Estándar del Libro 9789945913194
Información calificativa v. 1
020 ## - NÚMERO INTERNACIONAL ESTÁNDAR DEL LIBRO
Número Internacional Estándar del Libro 9789945613001
Información calificativa v. 2
040 ## - FUENTE DE LA CATALOGACIÓN
Centro catalogador/agencia de origen DO-SdBNP
Lengua de catalogación spa
Centro/agencia transcriptor BNPHU
082 #4 - NÚMERO DE LA CLASIFICACIÓN DECIMAL DEWEY
Número de clasificación 920.72
Número de documento/Ítem D443d
Número de edición 22
245 00 - MENCIÓN DE TÍTULO
Título Desde Bonao :
Resto del título las luchas exitosas de Aniana Vargas /
Mención de responsabilidad, etc. compilación y estudio de Reina Rosario ; presentación Roberto Cassá
260 ## - PUBLICACIÓN, DISTRIBUCIÓN, ETC.
Lugar de publicación, distribución, etc. Santo Domingo :
Nombre del editor, distribuidor, etc. Archivo General de la Nación,
Fecha de publicación, distribución, etc. 2018.
300 ## - DESCRIPCIÓN FÍSICA
Extensión 2 v.
Dimensiones 24 cm.
490 ## - MENCIÓN DE SERIE
Mención de serie Archivo General de la Nación ;
Designación de volumen o secuencia 341-342
500 ## - NOTA GENERAL
Nota general Incluye datos biográficos de la compiladora en la solapa de la contracubierta
500 ## - NOTA GENERAL
Nota general Incluye datos biográficos de Aniana Vargas en la solapa de la cubierta
505 1# - NOTA DE CONTENIDO CON FORMATO
Información miscelánea v.1
Título 1994-1997
505 1# - NOTA DE CONTENIDO CON FORMATO
Información miscelánea v. 2
Título 1998-2002
590 ## - NOTA LOCAL (RLIN)
Nota local Inventariado, 2020/YL
590 ## - NOTA LOCAL (RLIN)
Nota local La biblioteca posee 1 ejemplar autografiado por el autor
600 17 - PUNTO DE ACCESO ADICIONAL DE MATERIA--NOMBRE DE PERSONA
Nombre de persona Vargas, Aniana
Fechas asociadas al nombre 1930-2002
9 (RLIN) 76590
650 #4 - PUNTO DE ACCESO ADICIONAL DE MATERIA--TÉRMINO DE MATERIA
Término de materia o nombre geográfico como elemento de entrada Revolucionarios
Subdivisión geográfica República Dominicana
9 (RLIN) 76591
650 #0 - PUNTO DE ACCESO ADICIONAL DE MATERIA--TÉRMINO DE MATERIA
Término de materia o nombre geográfico como elemento de entrada Conflicto social
Subdivisión geográfica República Dominicana
9 (RLIN) 1974
651 #4 - PUNTO DE ACCESO ADICIONAL DE MATERIA--NOMBRE GEOGRÁFICO
Nombre geográfico República Dominicana
Subdivisión general Historia
9 (RLIN) 170
700 12 - PUNTO DE ACCESO ADICIONAL--NOMBRE DE PERSONA
Nombre de persona Rosario Fernández, Reina C.
Término indicativo de función/relación Compiladora
9 (RLIN) 11091
700 12 - PUNTO DE ACCESO ADICIONAL--NOMBRE DE PERSONA
Nombre de persona Cassá, Roberto,
Fechas asociadas al nombre 1948-
Término indicativo de función/relación Presentación
9 (RLIN) 10888
830 #0 - PUNTO DE ACCESO ADICIONAL DE SERIE-TÍTULO UNIFORME
Título uniforme Archivo General de la Nación
Lenguaje de la obra 341 : 342
9 (RLIN) 76593
830 #0 - PUNTO DE ACCESO ADICIONAL DE SERIE-TÍTULO UNIFORME
Título uniforme Archivo General de la Nación
Lenguaje de la obra 342
9 (RLIN) 76594
942 ## - ELEMENTOS DE PUNTO DE ACCESO ADICIONAL (KOHA)
Fuente del sistema de clasificación o colocación Dewey Decimal Classification
Tipo de ítem Koha Libros y folletos
956 ## - LOCALIZACIÓN Y ACCESO ELECTRÓNICOS LOCAL (OCLC)
Nombre del host YLOCKWARD
Holdings
Estado de retiro Estado de pérdida Fuente del sistema de clasificación o colocación Restricciones de uso No para préstamo Código de colección Localización permanente Ubicación/localización actual Ubicación en estantería Fecha de adquisición Fuente de adquisición Total de préstamos Signatura topográfica completa Código de barras Fecha visto por última vez Número de copia Precio válido a partir de Tipo de ítem Koha
    Dewey Decimal Classification Préstamo en sala   Monografías: Libros y Folletos Biblioteca Nacional Pedro Henríquez Ureña General Depósito 17.03.2020 Editora Búho   20691-100 25.06.2020 v.2, e.5 25.06.2020 Libro
    Dewey Decimal Classification Préstamo en sala   Monografías: Libros y Folletos Biblioteca Nacional Pedro Henríquez Ureña General Depósito 17.03.2020 Editora Búho   20691-30 25.06.2020 v.1, e.3 25.06.2020 Libro
    Dewey Decimal Classification Préstamo en sala   Monografías: Libros y Folletos Biblioteca Nacional Pedro Henríquez Ureña General Depósito 17.03.2020 Editora Búho   20691-40 25.06.2020 v. 1, e. 4 25.06.2020 Libro
    Dewey Decimal Classification Préstamo en sala   Monografías: Libros y Folletos Biblioteca Nacional Pedro Henríquez Ureña General Depósito 17.03.2020 Editora Búho   20691-50 25.06.2020 v.1, e.5 25.06.2020 Libro
    Dewey Decimal Classification Préstamo en sala   Monografías: Libros y Folletos Biblioteca Nacional Pedro Henríquez Ureña General Depósito 17.03.2020 Editora Búho   20691-80 25.06.2020 v. 2, e.3 25.06.2020 Libro
    Dewey Decimal Classification Préstamo en sala   Monografías: Libros y Folletos Biblioteca Nacional Pedro Henríquez Ureña General Depósito 17.03.2020 Editora Búho   20691-90 25.06.2020 v. 2, e.4 25.06.2020 Libro
    Dewey Decimal Classification Préstamo restringido Préstamo restrigido Monografías: Libros y Folletos Biblioteca Nacional Pedro Henríquez Ureña Patrimonio Dominicano Depósito 17.03.2020 Editora Búho   BNPHU PD 920.72 V297R 20691-10 25.06.2020 v. 1 25.06.2020 Libro
    Dewey Decimal Classification Excluido de préstamo Préstamo restrigido Monografías: Libros y Folletos Biblioteca Nacional Pedro Henríquez Ureña Patrimonio Dominicano Depósito 17.03.2020 Editora Búho   20691-20 25.06.2020 v.1, e. 2 25.06.2020 Libro
    Dewey Decimal Classification Excluido de préstamo Préstamo restrigido Monografías: Libros y Folletos Biblioteca Nacional Pedro Henríquez Ureña Patrimonio Dominicano Depósito 17.03.2020 Editora Búho   20691-60 25.06.2020 v. 2 25.06.2020 Libro
    Dewey Decimal Classification Excluido de préstamo Préstamo restrigido Monografías: Libros y Folletos Biblioteca Nacional Pedro Henríquez Ureña Patrimonio Dominicano Depósito 17.03.2020 Editora Búho   20691-70 25.06.2020 v. 2, e. 2 25.06.2020 Libro

Powered by Koha